000 01214nam a2200325 i 4500
001 000016656
003 DO-SdBNP
005 20240605104411.0
007 ta
008 100308s1977 dr 000 0 spa d
040 _aDO-SdBNP
_bspa
_cBNPHU
_erda
082 4 _a330.97293
_bD671e
_222
100 1 _aDomínguez, Jaime de Jesús,
_d1947-
_910244
_eautor
245 1 0 _aEconomía y política en la República Dominicana años, 1844 - 1861 /
_cJaime de Jesús Domínguez.
264 _aSanto Domingo :
_bUASD,
_c1977.
300 _a204 páginas ;
_c23 cm.
336 _2rdacontent
_atexto
_btxt
337 _2rdamedia
_asin mediación
_bn
338 _2rdacarrier
_avolumen
_bnc
490 _aPublicaciones de la Universidad Autónoma de Santo Domingo ;
_v236
490 _aHistoria y sociedad ;
_v29
500 _aIncluye referencias bibliográficas y notas
590 _aInventariado, 2018/ YL
650 4 _aRepública dominicana
_xPolítica
_937004
650 4 _aRepública dominicana
_xHistoria
_y1844-1861
_937005
651 4 _aRepública Dominicana
_xCondiciones económicas
_9281
710 1 _aUniversidad Autónoma de Santo Domingo
_972951
910 _aValidado. Control de calidad MFF
942 _2ddc
_cLBS1
999 _c16189
_d16189